|
|
|
|
| LEADER |
00000cam a2200000 i 4500 |
| 001 |
1/35012 |
| 008 |
061002s2006 gr gre d |
| 020 |
|
|
|a 960-02-1947-8 (set)
|
| 020 |
|
|
|a 960-02-1948-6 (τ.1)
|
| 020 |
|
|
|a 978-960-02-2082-7 (τ.2)
|
| 035 |
|
|
|l 10085392
|
| 040 |
|
|
|a GR-MY-UA
|b gre
|e aacr
|
| 041 |
0 |
|
|a gre
|h eng
|
| 082 |
0 |
|
|a 658.3
|2 (22)
|
| 100 |
1 |
|
|a Noe, Raymond A.
|
| 245 |
1 |
0 |
|a Διαχείριση ανθρωπίνων πόρων :
|b ένα ανταγωνιστικό πλεονέκτημα /
|c Raymond A. Noe [και ά.] ; επιμέλεια Κων. Γ. Αθανασόπουλος, μετάφραση Ρίτα Κολαϊτη.
|
| 250 |
|
|
|a 4η Αμερικάνικη έκδ.
|
| 260 |
|
|
|a Αθήνα :
|b Παπαζήση,
|c c2006, 2007.
|
| 300 |
|
|
|a 2τ. (τ.1: xxi,422 σ., τ.2: xvi, 439 σ.);
|b εγχρ.εικ., διαγρ., πίν.;
|c 25 εκ.
|
| 504 |
|
|
|a Περιλαμβάνει βιβλιογραφικές παραπομπές και ευρετήριο
|
| 580 |
|
|
|a Translation of: Human resource management
|
| 650 |
0 |
0 |
|a Personnel management.
|
| 700 |
1 |
|
|a Αθανασόπουλος, Κωνσταντίνος Γ.
|4 edt
|
| 700 |
1 |
|
|a Κολαΐτη, Ρίτα.
|4 trl
|
| 730 |
0 |
|
|a Human resource management.
|
| 852 |
|
|
|a INST
|b CHIOS
|e 20061002
|h 658.3 NOE
|p 005200027130
|q 005200027130
|t BK
|y 0
|z τ.1
|
| 852 |
|
|
|a INST
|b CHIOS
|e 20100326
|h 658.3 NOE
|p 005200029741
|q 005200029741
|t BK
|y 0
|z τ.2
|
| 852 |
|
|
|a INST
|b CHIOS
|e 20090430
|h 658.3 NOE
|p 005200030414
|q 005200030414
|t BK
|y 4
|x 20180402
|z τ.2
|
| 852 |
|
|
|a INST
|b CHIOS
|e 20090430
|h 658.3 NOE
|p 005200030415
|q 005200030415
|t BK
|y 0
|z τ.1
|
| 852 |
|
|
|a INST
|b CHIOS
|e 20061002
|h 658.3 NOE
|p 005200027130
|q 005200027130
|t BK
|v τ.1:
|y 0
|z τ.1
|
| 852 |
|
|
|a INST
|b CHIOS
|e 20100326
|h 658.3 NOE
|p 005200029741
|q 005200029741
|t BK
|v τ.2:
|y 0
|z τ.2
|
| 852 |
|
|
|a INST
|b CHIOS
|e 20090430
|h 658.3 NOE
|p 005200030414
|q 005200030414
|t BK
|v τ.2:
|y 4
|x 20180402
|z τ.2
|
| 852 |
|
|
|a INST
|b CHIOS
|e 20090430
|h 658.3 NOE
|p 005200030415
|q 005200030415
|t BK
|v τ.1:
|y 0
|z τ.1
|
| 852 |
|
|
|a INST
|b CHIOS
|c EUDOXUS
|e 20180606
|h 658.3 NOE
|p 005200037749
|q 005200037749
|t BK
|v τ.1:
|y 4
|x 20220408
|
| 853 |
|
|
|a INST
|b CHIOS
|h 658.3 NOE
|
| 853 |
|
|
|a INST
|b CHIOS
|c EUDOXUS
|h 658.3 NOE
|
| 901 |
|
|
|a BIBL2-2006-2
|
| 901 |
|
|
|a BIBL2-2009-1
|
| 901 |
|
|
|a BIBL2-2010-1
|
| 909 |
|
|
|a Χ
|b 120193
|
| 909 |
|
|
|a Χ
|b 147282
|
| 909 |
|
|
|a Χ
|b 147281
|
| 909 |
|
|
|a Χ
|b 147910
|
| 920 |
|
|
|a Εύδοξος
|b Παραγγελία
|y Χίος-ΤΔΕ
|z 2018-05
|
| 970 |
|
|
|a ΒΑΣΙΛΑΚΗ
|b ΝΙΚΗ
|z 2006/10/02
|